Statistics for Top 15 Countries with Covid-19 Cases - 3 June 2021

Click here to take the quiz!

General Stats

  • This quiz has been taken 17 times
  • The average score is 16 of 27

Answer Stats

total
cases
daily
gain
rate per
million
country% Correct
34,174,75217,821102,691United States
100%
16,803,47277,898Brazil
94%
3,701,6902990Germany
94%
28,572,359133,228India
94%
4,225,1632482Italy
94%
5,099,1829500Russia
94%
3,693,0124388Spain
94%
5,694,076
984887,056France
88%
2,423,928932Mexico
88%
4,499,8783165United Kingdom
88%
3,884,44735,355Argentina
76%
3,488,04625,966Colombia
65%
2,945,10010,687Iran
65%
2,874,092583Poland
65%
96,507Netherlands
59%
5,270,2997112Turkey
59%
106,031Sweden
47%
91,556Belgium
41%
87,487Croatia
29%
154,988Czechia
29%
122,495Slovenia
29%
90,021Israel
24%
87,353Uruguay
18%
140,499Bahrain
12%
97,870Estonia
12%
87,136Georgia
12%
102,543Lithuania
12%

Score Distribution

Percentile by Number Answered

Percent of People with Each Score

Your Score History

You have not taken this quiz